Countries and Capitals with Diacritics in their English Names - Statistics

General Stats
  • This quiz has been taken 249 times
  • The average score is 4 of 11
Answer Stats
Answer % Correct
São Tomé
67%
São Tomé &Principe
67%
Brasília
43%
Bogotá
38%
Lomé
37%
Malé
34%
Asunción
33%
Chișinău
32%
San José
26%
Reykjavík
24%
Yaoundé
20%
No matching quizzes found
Score Distribution
Percent of People with Each Score
Percentile by Number Answered
Your Score History
You have not taken this quiz